Central Library OPAC University of Rajshahi

The mind in the making / (Record no. 29737)

MARC details
000 -LEADER
fixed length control field 00827cam a22002771 4500
001 - CONTROL NUMBER
control field 29737
003 - CONTROL NUMBER IDENTIFIER
rucl marc code BD-RjUL
005 - DATE AND TIME OF LATEST TRANSACTION
control field 20211209051443.0
008 - FIXED-LENGTH DATA ELEMENTS--GENERAL INFORMATION
fixed length control field 140407s1949 nyu b 000 0 eng d
035 ## - SYSTEM CONTROL NUMBER
System control number (BD-RjUL)29822
System control number (OCoLC)547755
040 ## - CATALOGING SOURCE
Original cataloging agency DLC
Transcribing agency OClU
Modifying agency OCoLC
-- DLC
-- BD-RjUL
Language of cataloging eng
041 ## - LANGUAGE CODE
Language code of text/sound track or separate title eng
082 04 - DEWEY DECIMAL CLASSIFICATION NUMBER
Classification number 151
Author mark and year ROM 1949
100 1# - MAIN ENTRY--PERSONAL NAME
Personal name Robinson, James Harvey,
Dates associated with a name 1863-1936.
9 (RLIN) 78639
245 14 - TITLE STATEMENT
Title The mind in the making /
Statement of responsibility, etc. James Harvey Robinson
260 ## - PUBLICATION, DISTRIBUTION, ETC. (IMPRINT)
Place of publication, distribution, etc. London :
Name of publisher, distributor, etc. C.A Watrs,
Date of publication, distribution, etc. 1949.
300 ## - PHYSICAL DESCRIPTION
Pagination xii, 148 p. ;
Size 17cm.
504 ## - BIBLIOGRAPHY, ETC. NOTE
Bibliography, etc "Some suggestions in regard to reading": p. [231]-235.
650 #0 - SUBJECT ADDED ENTRY--TOPICAL TERM
Topical term or geographic name as entry element Social psychology.
9 (RLIN) 90547
Topical term or geographic name as entry element Civilization
General subdivision History.
9 (RLIN) 90548
Topical term or geographic name as entry element Social problems.
9 (RLIN) 90549
942 ## - ADDED ENTRY ELEMENTS (KOHA)
Source of classification or shelving scheme Dewey Decimal Classification
Koha item type Books
Holdings
Lost status Source of classification or shelving scheme Damaged status Not for loan Collection code Permanent Location Current Location Shelving location Date acquired Source of acquisition Cost, normal purchase price Total Checkouts Full call number Date last seen Copy number Koha item type
  Dewey Decimal Classification   Added to bundle Non-fiction Central Library, University of Rajshahi Central Library, University of Rajshahi Reading Room 25/01/1955 W.B.C. Dhaka 1.90   151 ROM 1949 07/04/2014 C-1 Books